000 00639nam a2200229Ia 4500
003 OSt
005 20220918191104.0
006 a|||||r|||| 00| 0
007 ta
008 220917b |||||||| |||| 00| 0 eng d
024 _a61,396
037 _cTextual
040 _aARTS
_cARTS
_beng
041 _2eng
_aeng
082 _aQ6:1, F3
100 _aBudge E A Wallis tr
_974875
245 0 _aBaralam and Yewasef
_b being the Ethipic version of a cheristianized recension of the Buddhist legend etc
260 _c1923
650 _aRELIGION
942 _hQ6:1, F3
_cTEXL
_2CC
999 _c188248
_d188248